| 000 | 005990000a22002170004500 | ||
|---|---|---|---|
| 003 | LK-CoMWRAF | ||
| 005 | 20240319102955.0 | ||
| 008 | 230817t1979 ||||| |||| 00| 0 eng d | ||
| 020 | _a0860370380 | ||
| 040 |
_aLK-CoMWRAF _dLK-CoMWRAF _eLK-CoMWRAF |
||
| 041 | _aeng | ||
| 082 |
_a297.2 _bAHM |
||
| 100 | _aAhmad, Khurshid | ||
| 100 | _aAnsari, Zafar Ishaq | ||
| 245 |
_aMawdudi : _ban introduction to his life and thought |
||
| 260 |
_aLeicester : _bThe Islamic foundation, _c1979 |
||
| 300 | _a44 p. | ||
| 650 | _aISLAM DOCTRINES | ||
| 650 | _aMaududi, Syed Abul 'Ala, Maulana | ||
| 942 | _cBK | ||
| 999 |
_c1363 _d1363 |
||